Madrugá Sevilla - Estadísticas

Estadísticas generales
  • Esta prueba ha sido intentada 113 veces
  • La puntuación promedio es 10 de 12
Estadísticas de respuestas
Imagen Respuesta % Correcto
Virgen de la Esperanza Macarena
100%
Jesús de las Tres Caídas
99%
Virgen de la Esperanza de Triana
99%
Jesús del Gran Poder
98%
Jesús de la Salud
96%
Jesús de la Sentencia
93%
Cristo del Calvario
90%
Virgen de las Angustias
73%
Virgen del Mayor Dolor
69%
Virgen de la Concepción
60%
Jesús Nazareno
58%
Virgen de la Presentación
40%
No se encontraron pruebas coincidentes
Distribución de puntuación
Porcentaje de gente con cada puntuación
Porcentaje por número respondido
Historial de tus puntuaciones
No has intentado esta prueba.